Responses for show #7821 - Monday, September 17, 2018

Kyle Jones game 4.

Contestants

Reese Wallace, an editor from Orlando, Florida

Christine O'Donnell, a philanthropic advisor from Elmwood Park, New Jersey

Kyle Jones, a music teacher from Aurora, Colorado (whose 3-day cash winnings total $58,800)

Jeopardy! Round responses

LETTUCE BEGIN
A BIT O' BRIT LIT
SHOW BOATS
(Alex: We'll give you the boat. You tell us the show.)
COMPAN"EE"S
REGIONAL VOCABULARY
STATE SONGS
(Alex: And we want you, of course, to identify the state.)
    $200 21
a salad spinner

Christine
    $200 26
Murder on the Orient Express

Reese
    $200 16
Gilligan's Island

Reese
    $200 11
Dairy Queen

Kyle
    $200 6
baptizing

Reese
    $200 1
Rhode Island

Kyle
    $400 22
iceberg

Christine
    $400 27
Chaucer

Christine
    $400 17
Miami Vice

Christine
    $400 12
Lockheed

Kyle
    $400 7
school

Christine
    $400 2
New Hampshire

Kyle
    $600 23
balsamic

Kyle
    $600 28
Jude

Kyle
    $600 18
the Deadliest Catch

Kyle
    $600 13
Walgreens

Kyle
    $600 8
rummage sale

Kyle
    $600 3
California

Kyle
    $800 24
(Alex: With less than a minute to go.)

a Cobb salad

Kyle
    $800 29
Kipling

Reese
    $800 19
The Last Ship

Reese
    $800 14
Burpee

Christine
    $800 9
a dust storm

Triple Stumper
    $1,200 4
(Alex: Oh, wait. Where are you from again?)
(Kyle: I think it's [*].)

Colorado

Kyle
    $1000 25
butter lettuce

Reese
    $1000 30
Long John Silver

Kyle
    $1000 20
(Christine: [Singing] What is [*]?)
(Alex: Ah... you can select again, unless you wanna do the whole song.)

The Love Boat

Christine
    $1000 15
Bradstreet

Christine
    $1000 10
the coast

Kyle
    $1000 5
(Christine: What is New Mexico?)

Montana

Christine
Triple Stumper

Scores at the first commercial break (after clue 15):

Kyle Christine Reese
$5,200 $1,200 $200

Scores at the end of the Jeopardy! Round:

Kyle Christine Reese
$8,800 $3,600 $3,200

Double Jeopardy! Round responses

SPECIFIC GENERAL HISTORY
MAMMALS
RHYMING TERMS STARTING WITH "H"
STRIPES ON THE FLAG
JUST FOR REFERENCE
REINSTATE SONGS
    $400 1
(Kyle: Who is Pickett?)

Custer

KyleReese
    $400 26
a dingo

Reese
    $400 16
hippie-dippie

Christine
    $400 11
blue

Reese
    $400 4
the Supreme Court

Christine
    $400 21
"Reunited"

Christine
    $800 2
Eisenhower

Christine
    $800 27
a llama

Reese
    $800 17
hocus-pocus

Kyle
    $3,200 12
15

Reese
    $800 5
Billboard

Reese
    $800 22
"I Want You Back"

Reese
    $1,000 3
(Christine: Who is Patton?)

"Black Jack" Pershing

Christine
    $1200 28
a wolverine

Reese
    $1200 18
herky-jerky

Christine
    $1200 13
Latvia, Lithuania, and Estonia

Kyle
    $1200 6
(John James) Audubon

Kyle
    $1200 24
"Ex's and Oh's"

Reese
    $1600 9
(Reese: Who is Michael Flynn?)

H.R. McMaster

Reese
Triple Stumper
    $1600 29
a pika

Triple Stumper
    $1600 19
the heebie-jeebies

Reese
    $1600 14
(Alex: [*]. That's the white.)

house of Bourbon

Triple Stumper
    $1600 7
clinical

Christine
    $1600 23
Sheryl Crow

Christine
    $2000 10
Patton

Triple Stumper
    $2000 30
a sea cow

Triple Stumper
    $2000 20
handy-dandy

Kyle
    $2000 15
Uzbekistan

Kyle
    $2000 8
Roget's Thesaurus

Kyle
    $2000 25
(Alex: Less than a minute now.)

the Supremes

Triple Stumper

Scores at the end of the Double Jeopardy! Round:

Kyle Christine Reese
$17,600 $9,000 $12,400

[wagering suggestions for these scores]

Final Jeopardy! Round responses

20th CENTURY NOVELS
(Alex: [To Kyle] John Steinbeck's book.)
ChristineWhat is The Grapes of Wrath?
$8,998
ReeseWhat Cain and Abel
$12,400
KyleWhat is East of Eden?
$7,201
East of Eden

Final scores:

Kyle Christine Reese
$24,801 $2 $0
4-day champion: $83,601 2nd place: $2,000 3rd place: $1,000

Game dynamics:

Coryat scores:

Kyle Christine Reese
$17,200 $10,000 $10,000
20 R
(including 1 DD),
1 W
15 R,
2 W
(including 1 DD)
16 R
(including 1 DD),
1 W

Combined Coryat: $37,200

The J! Archive is created by fans, for fans. The Jeopardy! game show and all elements thereof, including but not limited to copyright and trademark thereto, are the property of Jeopardy Productions, Inc. and are protected under law. This website is not affiliated with, sponsored by, or operated by Jeopardy Productions, Inc. Join the discussion at JBoard.tv.